Направленные изменения термической фото- и радиационно-химической устойчивости твердых неорганических соединений; Первое совещание по радиационной физике твердого тела

Bibliografiske detaljer
Parent link:Первое совещание по радиационной физике твердого тела.— 1965.— С. 52-53
Hovedforfatter: Захаров Ю. А. Юрий Александрович
Andre forfattere: Невоструев В. А.
Sprog:russisk
Udgivet: 1965
Fag:
Format: MixedMaterials Book Chapter
KOHA link:https://koha.lib.tpu.ru/cgi-bin/koha/opac-detail.pl?biblionumber=591236

MARC

LEADER 00000naa0a2200000 4500
001 591236
005 20250822154915.0
035 |a (RuTPU)RU\TPU\tpu\1340 
035 |a TPU00001340 
090 |a 591236 
100 |a 20011210d1965 k||y0rusy50 ca 
101 0 |a rus 
102 |a RU 
200 1 |a Направленные изменения термической фото- и радиационно-химической устойчивости твердых неорганических соединений  |f Ю. А. Захаров, В. А. Невоструев 
463 1 |t Первое совещание по радиационной физике твердого тела  |o тезисы докладов  |v С. 52-53  |d 1965 
610 1 |a химические науки 
610 1 |a труды учёных ТПУ 
700 1 |a Захаров  |b Ю. А.  |c российский химик  |c профессор Томского политехнического университета  |f 1938-  |g Юрий Александрович  |3 (RuTPU)RU\TPU\pers\19791 
701 1 |a Невоструев  |b В. А. 
801 0 |a RU  |b 63413507  |c 20011210  |g PSBO 
801 2 |a RU  |b 63413507  |c 20151214  |g PSBO 
942 |c BK